| 000 | 01515cam a22002055a 4500 | ||
|---|---|---|---|
| 001 | L155165 | ||
| 008 | 120307s1636 xxk f 000 0 eng d | ||
| 035 | _a(Sirsi) u155165 | ||
| 041 | 0 | _aeng | |
| 245 | 0 | 4 |
_aThe inrichment of the vveald of Kent: or, A direction to the husband-man, for the true ordering, manuring, and inriching of all the grounds within the wealds of Kent and Sussex _band may generally serue for all the grounds in England, of that nature: as, 1. Shewing the nature of all wealdish grounds, comparing it with the soile of the shires at large. 2. Declaring what the marle is, and the seuerall sorts thereof, and where it is vsually found. 3. The profitable use of marle, and other rich manurings, as well in each sort of arable land, as also for the increase of corne and pasture through the kingdome. Painfully gathered for the good of this iland, by a man of great eminence and worth, but revised, inlarged, and corrected with the consent, and by conference with the first author. By Gervase Markham |
| 260 |
_aLondon _bPrinted by Anne Griffin for Iohn Harison, at the golden Unicorne in Pater-noster row _c1636 |
||
| 300 |
_a[4], 24p. _c4o |
||
| 520 | _aSometimes attributed to Gervase Markham, but probably only edited by him. | ||
| 520 | _aRunning title reads: The enrichment of the weald of Kent. | ||
| 583 |
_aCondition reviewed _c20120620 _lcondition level 1 |
||
| 651 | 4 |
_aGreat Britain _y1707- |
|
| 690 |
_aRural _96268 |
||
| 700 | 1 |
_aMarkham, Gervase _d1568?-1637 _eed. |
|
| 942 | _n0 | ||
| 999 |
_c113361 _d113361 |
||